[Event "IECC CL2-2001.19"]
[Site "IECC email"]
[Date "2001.05.21"]
[Round "?"]
[White "Sandford, Marlon"]
[Black "De Melo, Gerson Luis"]
[Result "0-1"]
[WhiteElo "1846"]
[BlackElo "2050"]
[PlyCount "26"]
[EventDate "2001.??.??"]
[EventType "tourn (corr)"]
[EventRounds "4"]
[SourceTitle "Corr 2008"]
[Source "ChessBase"]
[SourceDate "2008.06.24"]
[SourceVersion "1"]
[SourceVersionDate "2008.06.24"]
[SourceQuality "1"]

1. e4 e6 2. d4 d5 3. exd5 exd5 4. c4 Bb4+ 5. Nc3 Nf6 6. Bd3 dxc4 7. Bxc4 0-0 8. Bg5 Qe8+ 9. Nge2 Qc6 10. Bxf6 Qxc4 11. Be5 Re8 12. 0-0 Bg4 13. f3 Bf5 0-1